Tiếng anh văn phòng và giao tiếp thương mại
Na minha lista:
| Autor principal: | |
|---|---|
| Formato: | Livro |
| Idioma: | Undetermined |
| Publicado em: |
Thành phố Hồ Chí Minh
Trẻ
2003
|
| Assuntos: | |
| Tags: |
Adicionar Tag
Sem tags, seja o primeiro a adicionar uma tag!
|
| Thư viện lưu trữ: | Trung tâm Học liệu Trường Đại học Cần Thơ |
|---|
| LEADER | 00633nam a2200217Ia 4500 | ||
|---|---|---|---|
| 001 | CTU_64374 | ||
| 008 | 210402s9999 xx 000 0 und d | ||
| 020 | |b 50000 | ||
| 082 | |a 428.24 | ||
| 082 | |b D281 | ||
| 100 | |a Dean-J. Zwier, Susan | ||
| 245 | 0 | |a Tiếng anh văn phòng và giao tiếp thương mại | |
| 245 | 0 | |c Susan Dean-J. Zwier | |
| 260 | |a Thành phố Hồ Chí Minh | ||
| 260 | |b Trẻ | ||
| 260 | |c 2003 | ||
| 650 | |a English language | ||
| 650 | |x Spoken english | ||
| 650 | |y Problems, exercises, etc | ||
| 904 | |i Nguyênsửa | ||
| 980 | |a Trung tâm Học liệu Trường Đại học Cần Thơ | ||